The IBPS& CMAT Encyclopaedia (Record no. 211302)

MARC details
000 -LEADER
fixed length control field 00550nam a22001697a 4500
010 ## - LCCN (DPL NO)
LC control number ENG-144925
020 ## - INTERNATIONAL STANDARD BOOK NUMBER
International Standard Book Number 9789382968863
Terms of availability 595.00
035 ## - SYSTEM CONTROL NUMBER
System control number EN-128457
037 ## - SOURCE OF ACQUISITION
Source of stock number/acquisition DBAD
082 ## - DEWEY DECIMAL CLASSIFICATION NUMBER
Classification number 000
100 ## - MAIN ENTRY--PERSONAL NAME
Personal name Mehta,N Gaurav
245 ## - TITLE STATEMENT
Title The IBPS& CMAT Encyclopaedia
Statement of responsibility, etc Vora,N Chintan & Mehta,N Gaurav
260 ## - PUBLICATION, DISTRIBUTION, ETC. (IMPRINT)
Date of publication, distribution, etc 2019
Place of publication, distribution, etc New Delhi
Name of publisher, distributor, etc Avni Publication
270 ## - ADDRESS
City New Delhi
Address RZ-45D,Street No.2,Main Sagarpur,
Postal code 110046
Telephone number 9891896481
Electronic mail address avnipublication@gmail.com
300 ## - PHYSICAL DESCRIPTION
Extent 464p.
Dimensions 22cm(PB)
942 ## - ADDED ENTRY ELEMENTS (KOHA)
Source of classification or shelving scheme Dewey Decimal Classification
Item type English Books
Classification part 000
Call number suffix MEH

No items available.


© Delhi Public Library
Hit Counter
free hit counter